000 00450nam a22001577a 4500
003 OSt
008 210914b ||||| |||| 00| 0 eng d
020 _a9789385516283
082 _a632
_bSAN/DI
100 _aSanjeev kumar
_9773
245 _aDiseases of Field Crops and Their Integrated Management
260 _aNew Delhi
_bNEW india Publising Agency
_c2016
300 _a450 pages
650 _aField crops - Disesses and pests
_95023
942 _cBK
999 _c17419
_d17419